[Event "Central Serbia 1st league"]
[Site "?"]
[Date "2007.??.??"]
[Round "9.1"]
[White "Bajevic, Branko"]
[Black "Stojanovic, Dalibor"]
[Result "0-1"]
[WhiteElo "2154"]
[BlackElo "2503"]
[PlyCount "104"]
[EventDate "2007.09.15"]

1. c4 g6 2. Nc3 Bg7 3. d4 d6 4. e4 Nc6 5. Be3 e5 6. Nge2 exd4 7. Nxd4 Nge7 8.
Qd2 O-O 9. Be2 f5 10. O-O Nxd4 11. Bxd4 Bxd4 12. Qxd4 Be6 13. f4 Nc6 14. Qd2
Qf6 15. Rad1 Rae8 16. b3 Qg7 17. Bf3 fxe4 18. Bxe4 Bg4 19. Bf3 Bc8 20. Nd5 Nd8
21. Rfe1 Ne6 22. Bg4 c6 23. Bxe6+ Bxe6 24. Nc3 Bg4 25. Rc1 Rd8 26. h3 Bc8 27.
Kh2 Qf6 28. Rf1 Rde8 29. Rcd1 Re6 30. Rf3 a6 31. Qd4 Qe7 32. Rdf1 b5 33. g4 b4
34. f5 gxf5 35. gxf5 Re5 36. f6 Qe6 37. f7+ Rxf7 38. Rg3+ Rg7 39. Rfg1 Rg6 40.
Nd1 Re2+ 41. Nf2 c5 42. Qf4 Qf5 43. Qxf5 Bxf5 44. Rxg6+ hxg6 45. Kg2 Rd2 46. h4
Kf7 47. Ra1 Ke7 48. Re1+ Kd7 49. Kf3 Rxa2 50. Re3 Bc2 51. Kf4 Rb2 52. Re2 Rxb3
0-1

[Event "Central Serbia 1st league"]
[Site "?"]
[Date "2007.??.??"]
[Round "9.1"]
[White "Bogosavljevic, Boban"]
[Black "Jesic, Dusan"]
[Result "1-0"]
[WhiteElo "2491"]
[BlackElo "2384"]
[PlyCount "89"]
[EventDate "2007.09.15"]

1. Nf3 Nf6 2. c4 g6 3. g3 d6 4. d4 Bg7 5. Bg2 O-O 6. O-O Nbd7 7. Nc3 e5 8. e4
a6 9. h3 Rb8 10. d5 b5 11. cxb5 axb5 12. b4 Nb6 13. Nd2 Bd7 14. Nb3 Nc4 15. Qd3
c6 16. dxc6 Bxc6 17. a4 bxa4 18. Qxc4 axb3 19. Qxc6 Rc8 20. Qa4 Rxc3 21. Bb2
Rc7 22. Qxb3 Qb8 23. Rfe1 Nd7 24. Ba3 Nb6 25. Bf1 Rfc8 26. Rac1 Bh6 27. Rxc7
Qxc7 28. b5 Bf8 29. Bb4 Nd7 30. Ra1 Qb7 31. Bd3 d5 32. Bxf8 dxe4 33. Bxe4 Rxf8
34. Bd5 Qb6 35. Bc6 Nf6 36. Qc3 Qd4 37. Qxd4 exd4 38. b6 Kg7 39. b7 Rb8 40. Ra8
Nd7 41. Be4 Kf6 42. Bc6 d3 43. Bxd7 Rxb7 44. Bg4 h5 45. Bf3 1-0

[Event "Central Serbia 1st league"]
[Site "?"]
[Date "2007.??.??"]
[Round "9.1"]
[White "Misojcic, Miroslav"]
[Black "Marjanovic, Slavoljub"]
[Result "1/2-1/2"]
[WhiteElo "2244"]
[BlackElo "2480"]
[PlyCount "32"]
[EventDate "2007.09.15"]

1. d4 Nf6 2. c4 g6 3. g3 Bg7 4. Bg2 c6 5. Nc3 O-O 6. Nf3 d6 7. h3 Nbd7 8. e4 e5
9. Be3 Qa5 10. Qd2 a6 11. Rb1 exd4 12. Nxd4 Ne5 13. b3 Re8 14. f4 Ned7 15. O-O
Qc7 16. Rfe1 Nc5 1/2-1/2

[Event "Central Serbia 1st league"]
[Site "?"]
[Date "2007.??.??"]
[Round "9.1"]
[White "Miljkovic, Miroslav"]
[Black "Urosevic, Zoran"]
[Result "1/2-1/2"]
[WhiteElo "2405"]
[BlackElo "2270"]
[PlyCount "50"]
[EventDate "2007.09.15"]

1. d4 Nf6 2. c4 c5 3. d5 e5 4. Nc3 d6 5. e4 Nbd7 6. h3 Be7 7. g4 h6 8. Nge2 a6
9. Ng3 g6 10. Be3 Ng8 11. Qd2 Bg5 12. Nd1 Qf6 13. Bg2 b6 14. a4 a5 15. O-O Bf4
16. Ne2 Bxe3 17. Qxe3 Ba6 18. Rc1 Qg5 19. b3 Qxe3 20. Nxe3 Ngf6 21. Rc2 Ke7 22.
Nc1 Raf8 23. Nd3 Ne8 24. Re2 f6 25. f3 Ng7 1/2-1/2

[Event "Central Serbia 1st league"]
[Site "?"]
[Date "2007.??.??"]
[Round "9.1"]
[White "Maksimovic, Branimir"]
[Black "Merdovic, Miroljub"]
[Result "1-0"]
[WhiteElo "2362"]
[BlackElo "2117"]
[PlyCount "105"]
[EventDate "2007.09.15"]

1. d4 c6 2. c4 d6 3. Nc3 Qc7 4. e4 e5 5. Nf3 Bg4 6. Be3 Nf6 7. Be2 Be7 8. O-O
Nbd7 9. Nd2 Bxe2 10. Qxe2 O-O 11. d5 Rfe8 12. b4 Nf8 13. f3 Ng6 14. g3 Bf8 15.
Nb3 cxd5 16. Nxd5 Nxd5 17. cxd5 b6 18. Rfc1 Qd7 19. a4 Rac8 20. Qb5 Qh3 21. a5
h5 22. axb6 axb6 23. Bxb6 Rb8 24. Ra6 h4 25. Qf1 Qd7 26. Rc7 Qd8 27. Qc1 Qf6
28. Kg2 Be7 29. Rc4 Kh7 30. Be3 Rh8 31. Nc5 hxg3 32. hxg3 Kg8 33. Nd3 Nh4+ 34.
gxh4 Rxh4 35. Nf2 Kh7 36. Rc8 Qg6+ 37. Kf1 Rxb4 38. Raa8 Qg3 39. Rh8+ Kg6 40.
Rxh4 Bxh4 41. Ke2 Qg2 42. Ra6 Rb3 43. Rxd6+ f6 44. Qc2 Ra3 45. Qb2 Ra4 46. Rc6
Ra8 47. d6 Rh8 48. d7 Bxf2 49. Bxf2 Rh3 50. Qa3 Rh1 51. Rc1 Rh2 52. Qe3 Rh8 53.
Rg1 1-0

[Event "Central Serbia 1st league"]
[Site "?"]
[Date "2007.??.??"]
[Round "9.2"]
[White "Kojovic, Dragan"]
[Black "Ilincic, Zlatko"]
[Result "1-0"]
[WhiteElo "2407"]
[BlackElo "2509"]
[PlyCount "89"]
[EventDate "2007.09.15"]

1. e4 e5 2. Nf3 Nf6 3. Nxe5 d6 4. Nf3 Nxe4 5. d4 d5 6. Bd3 Nd6 7. O-O Nd7 8.
Re1+ Be7 9. Qe2 Nf6 10. Nc3 h6 11. Bf4 Kf8 12. Ne5 c6 13. Bg6 Be6 14. Na4 Nc4
15. Nc5 Bxc5 16. dxc5 Nxe5 17. Qxe5 Kg8 18. Bd3 g5 19. Bd2 d4 20. c3 Kg7 21. f4
Qd5 22. fxg5 hxg5 23. Qxg5+ Qxg5 24. Bxg5 dxc3 25. bxc3 Rh5 26. Bf4 Nd7 27.
Rad1 Nxc5 28. Be5+ f6 29. Bd4 Bg4 30. Be2 Bxe2 31. Rxe2 Rd5 32. Rf1 Nd7 33.
Re7+ Kg6 34. Re6 c5 35. Bxf6 Kf7 36. Re7+ Kg6 37. Rg7+ Kh6 38. Rg3 Re8 39. h3
Re6 40. Bg7+ Kh7 41. c4 Rdd6 42. Bc3 Re4 43. Rf5 Rh4 44. Rf7+ Kh6 45. Bg7+ 1-0

[Event "Central Serbia 1st league"]
[Site "?"]
[Date "2007.??.??"]
[Round "9.2"]
[White "Pap, Misa"]
[Black "Solomunovic, Igor"]
[Result "0-1"]
[WhiteElo "2493"]
[BlackElo "2396"]
[PlyCount "86"]
[EventDate "2007.09.15"]

1. e4 e5 2. Nf3 Nc6 3. Bc4 Bc5 4. b4 Bxb4 5. c3 Be7 6. d4 Na5 7. Nxe5 Nxc4 8.
Nxc4 d5 9. exd5 Qxd5 10. Ne3 Qa5 11. O-O Nf6 12. c4 O-O 13. Bb2 c6 14. Nc3 Re8
15. d5 Bc5 16. Qd3 Bd7 17. Ne2 Ne4 18. Nd4 Qd2 19. Qxd2 Nxd2 20. Rfd1 Ne4 21.
dxc6 bxc6 22. Ndc2 Be6 23. Bd4 Bf8 24. Rab1 Nd6 25. c5 Ne4 26. Nb4 Rec8 27. Na6
Bxa2 28. Rb2 Be6 29. Rb7 Rd8 30. Rbb1 Rd7 31. Nb8 Rxd4 32. Rxd4 Nc3 33. Rb2
Rxb8 34. Rxb8 Ne2+ 35. Kf1 Nxd4 36. g4 g6 37. f4 Kg7 38. h3 Bxc5 39. Ra8 Bb6
40. Kg2 c5 41. Kg3 c4 42. Nd1 Ne2+ 43. Kh4 c3 0-1

[Event "Central Serbia 1st league"]
[Site "?"]
[Date "2007.??.??"]
[Round "9.2"]
[White "Rabrenovic, Vladan"]
[Black "Milanovic, Danilo"]
[Result "1/2-1/2"]
[WhiteElo "2312"]
[BlackElo "2495"]
[PlyCount "111"]
[EventDate "2007.09.15"]

1. d4 Nf6 2. c4 c5 3. d5 b5 4. Nd2 bxc4 5. e4 c3 6. bxc3 g6 7. Ngf3 Bg7 8. Qc2
O-O 9. Bd3 d6 10. O-O Nbd7 11. h3 Qc7 12. Rb1 Nb6 13. c4 Nh5 14. Bb2 f6 15.
Rfe1 Bd7 16. Nf1 Nf4 17. Ne3 Nxd3 18. Qxd3 Rab8 19. Ba1 Rb7 20. h4 Be8 21. h5
Nd7 22. Rxb7 Qxb7 23. hxg6 hxg6 24. g3 Bf7 25. Kg2 Qa6 26. Qc2 Rb8 27. Nh4 Nf8
28. f4 Qa3 29. Re2 Be8 30. Nf3 Ba4 31. Qc3 Qxc3 32. Bxc3 Nd7 33. Rb2 Rxb2+ 34.
Bxb2 Nb6 35. Kf2 Kf7 36. Ke2 Bd7 37. Kd3 e6 38. dxe6+ Bxe6 39. g4 Bh6 40. f5
Bc8 41. fxg6+ Kxg6 42. Nf5 Bf8 43. Bc3 Be6 44. Ne3 Bh6 45. Nh4+ Kg5 46. Nhf5
Bf8 47. Ba5 Kf4 48. Be1 Nxc4 49. Nxc4 Bxc4+ 50. Kxc4 Kxe4 51. Bh4 d5+ 52. Kc3
Ke5 53. Bg3+ Ke4 54. Bh4 Ke5 55. Bg3+ Ke4 56. Bh4 1/2-1/2

[Event "Central Serbia 1st league"]
[Site "?"]
[Date "2007.??.??"]
[Round "9.2"]
[White "Nikolic, Zivoslav"]
[Black "Irizanin, Radoje"]
[Result "1/2-1/2"]
[WhiteElo "2417"]
[BlackElo "2325"]
[PlyCount "22"]
[EventDate "2007.09.15"]

1. g3 c5 2. Bg2 Nc6 3. e4 g6 4. Nf3 Bg7 5. O-O d6 6. Nc3 e6 7. Ne2 Nf6 8. d3 d5
9. exd5 Nxd5 10. a3 O-O 11. c4 Nde7 1/2-1/2

[Event "Central Serbia 1st league"]
[Site "?"]
[Date "2007.??.??"]
[Round "9.2"]
[White "Colovic, Dusan"]
[Black "Jovanovic, Bojan"]
[Result "1-0"]
[WhiteElo "2356"]
[BlackElo "2304"]
[PlyCount "119"]
[EventDate "2007.09.15"]

1. d4 Nf6 2. Nc3 d5 3. Bf4 Bf5 4. e3 e6 5. f3 Bb4 6. g4 Bg6 7. h4 h5 8. g5 Nfd7
9. Bd3 Bxd3 10. Qxd3 g6 11. Nge2 Nc6 12. a3 Bd6 13. Bxd6 cxd6 14. Nf4 Ne7 15.
e4 dxe4 16. fxe4 Nb6 17. O-O-O Qd7 18. d5 e5 19. Ng2 O-O 20. Rdf1 Kg7 21. Ne3
Rac8 22. Rhg1 a6 23. Rg3 Ng8 24. Rgf3 Na4 25. Nxa4 Qxa4 26. Kb1 b5 27. Nd1 Qc4
28. Nc3 Qxd3 29. cxd3 f6 30. gxf6+ Rxf6 31. Rxf6 Nxf6 32. Na2 Nd7 33. Nb4 Nc5
34. Rd1 Rf8 35. Rd2 Rf1+ 36. Kc2 Rh1 37. Nc6 Rxh4 38. b4 Nd7 39. Nd8 Kf6 40.
Ne6 Ke7 41. Kb3 Rg4 42. Nc7 Nb8 43. a4 bxa4+ 44. Kxa4 h4 45. Ka5 h3 46. Rh2 Rh4
47. Ne6 Rh8 48. Ng5 Rh4 49. Nxh3 g5 50. Rh1 g4 51. Nf2 Rxh1 52. Nxh1 Kd8 53.
Kb6 Nd7+ 54. Kc6 Ke7 55. Ng3 Nb8+ 56. Kc7 Nd7 57. Nf5+ Ke8 58. Nxd6+ Ke7 59.
Nf5+ Ke8 60. Kb7 1-0

[Event "Central Serbia 1st league"]
[Site "?"]
[Date "2007.??.??"]
[Round "9.2"]
[White "Jovanovic, Drasko"]
[Black "Radivojevic, Miladin"]
[Result "1-0"]
[WhiteElo "2250"]
[BlackElo "2182"]
[PlyCount "106"]
[EventDate "2007.09.15"]

1. d4 Nf6 2. c4 g6 3. Nf3 Bg7 4. g3 O-O 5. Bg2 d6 6. Nc3 Nbd7 7. O-O e5 8. e4
exd4 9. Nxd4 Re8 10. h3 Nc5 11. Re1 a5 12. Nb3 Ne6 13. Be3 a4 14. Nd4 Nc5 15.
Qc2 c6 16. Rad1 Qc7 17. f4 Bh6 18. Bf2 Nh5 19. Qd2 Qa5 20. Nc2 Be6 21. Bf1 Rad8
22. Nd4 Bd7 23. Kh2 Qb4 24. a3 Qa5 25. Bg2 Qa6 26. Bf3 Ng7 27. Qc2 f6 28. Na2
Re7 29. Nb4 Qa5 30. Nd3 Rde8 31. Nxc5 dxc5 32. Ne2 Be6 33. Nc3 Ra8 34. e5 f5
35. Qe2 Bf7 36. Be3 Ne6 37. Rd6 Bf8 38. g4 Rc7 39. gxf5 gxf5 40. Rg1+ Kh8 41.
Bd2 Qb6 42. Be1 Nxf4 43. Qe3 Ng6 44. Ne2 Re8 45. Bc3 Re6 46. Qg5 Rce7 47. Qxf5
Bg7 48. Nf4 Nxf4 49. Qxf4 Qc7 50. Rxe6 Rxe6 51. Re1 Qe7 52. Bg4 Rg6 53. Bh5 Be6
1-0

[Event "Central Serbia 1st league"]
[Site "?"]
[Date "2007.??.??"]
[Round "9.5"]
[White "Mitrovic, Petar"]
[Black "Muratovic, Alija"]
[Result "1-0"]
[WhiteElo "2374"]
[BlackElo "2476"]
[PlyCount "34"]
[EventDate "2007.09.15"]

1. e4 e5 2. Nf3 Nc6 3. Bb5 g6 4. O-O Bg7 5. c3 d6 6. d4 Bd7 7. Be3 Nge7 8. Nbd2
O-O 9. a4 a6 10. Bc4 Kh8 11. dxe5 dxe5 12. Nb3 b6 13. a5 b5 14. Be2 Qe8 15. Nc5
Rd8 16. Nxa6 Bc8 17. Nxc7 Rxd1 1-0

[Event "Central Serbia 1st league"]
[Site "?"]
[Date "2007.??.??"]
[Round "9.5"]
[White "Djakovac, Enes"]
[Black "Milunovic, Toni"]
[Result "1/2-1/2"]
[WhiteElo "2237"]
[BlackElo "2317"]
[PlyCount "122"]
[EventDate "2007.09.15"]

1. e4 c5 2. Nf3 d6 3. d4 cxd4 4. Nxd4 Nf6 5. Nc3 a6 6. Be2 Nbd7 7. Be3 b5 8. f3
Bb7 9. Qd2 e6 10. O-O Be7 11. a3 O-O 12. Rfd1 d5 13. exd5 Nxd5 14. Nxd5 Bxd5
15. Rac1 Rc8 16. a4 bxa4 17. c4 Ba8 18. Nxe6 fxe6 19. Qxd7 Qxd7 20. Rxd7 Bf6
21. Rc2 Rb8 22. Bd4 e5 23. Bc5 Rfc8 24. Bd6 Bc6 25. Bxb8 Bxd7 26. Bd6 Bf5 27.
Rd2 Bd7 28. Bd3 Kf7 29. c5 Bb5 30. Bf5 Rd8 31. Rc2 Bc6 32. Kf2 g6 33. Bd3 Bb5
34. Be4 Ke6 35. g3 Be7 36. Bxe7 Kxe7 37. Ke3 Rd7 38. Rc3 Kd8 39. c6 Re7 40. Bd5
Kc7 41. Ke4 Re8 42. Rc2 Re7 43. Rc5 Re8 44. Bf7 Re7 45. Ba2 Bxc6+ 46. Bd5 Re6
47. Bxc6 Rxc6 48. Kd5 Rxc5+ 49. Kxc5 Kb7 50. Kb4 Kb6 51. Kxa4 Kc5 52. Ka5 Kd4
53. Kxa6 Ke3 54. b4 Kxf3 55. b5 e4 56. b6 e3 57. b7 e2 58. b8=Q e1=Q 59. Qb7+
Qe4 60. Qxh7 Qc6+ 61. Ka7 Qa4+ 1/2-1/2

[Event "Central Serbia 1st league"]
[Site "?"]
[Date "2007.??.??"]
[Round "9.5"]
[White "Dmitrovic, Tomislav"]
[Black "Milosavljevic, Milisav"]
[Result "1-0"]
[WhiteElo "2266"]
[BlackElo "2199"]
[PlyCount "60"]
[EventDate "2007.09.15"]

1. d4 d5 2. Bg5 h6 3. Bh4 c5 4. dxc5 Qa5+ 5. Nc3 e6 6. e4 Be7 7. Bxe7 Nxe7 8.
Bb5+ Bd7 9. Bxd7+ Nxd7 10. exd5 Nxd5 11. Nge2 O-O 12. a3 Qxc5 13. Nxd5 exd5 14.
O-O Rac8 15. Nd4 Qb6 16. b3 Qf6 17. Qd2 Nc5 18. f3 Ne6 19. Ne2 d4 20. Rad1 Rfd8
21. Ng3 Rc6 22. f4 Nc5 23. Rf3 d3 24. b4 Ne6 25. Rxd3 Rxd3 26. Qxd3 Nxf4 27.
Qe4 Rd6 28. Rf1 Re6 29. Qxb7 Qe5 30. Qc8+ Kh7 1-0

[Event "Central Serbia 1st league"]
[Site "?"]
[Date "2007.??.??"]
[Round "9.5"]
[White "Milosavljevic, Zoran"]
[Black "Tosic, Nebojsa"]
[Result "1-0"]
[WhiteElo "2185"]
[BlackElo "2227"]
[PlyCount "105"]
[EventDate "2007.09.15"]

1. e4 c5 2. Nf3 d6 3. d4 cxd4 4. Nxd4 Nf6 5. Nc3 a6 6. Bg5 Nbd7 7. Qd2 b5 8.
Bd3 Bb7 9. f3 e6 10. O-O Be7 11. Rfe1 O-O 12. a3 Qb6 13. Be3 Qc7 14. Rad1 d5
15. Bf2 Bd6 16. g3 b4 17. axb4 Bxb4 18. exd5 Bxc3 19. Qxc3 Qxc3 20. bxc3 Nxd5
21. Rb1 Rfb8 22. c4 Nc3 23. Ra1 Nc5 24. Ra3 N3a4 25. Be2 e5 26. Nb3 Nxb3 27.
Rxb3 Bc6 28. Reb1 Rxb3 29. Rxb3 Kf8 30. c5 Rd8 31. Be3 Ke7 32. Kf2 Ra8 33. Bc4
f5 34. f4 exf4 35. gxf4 Kd7 36. Bd4 Re8 37. Bxa6 Re4 38. Be3 Kc7 39. Bd3 Re8
40. Bxf5 g5 41. Bd3 Bd5 42. c4 Bc6 43. fxg5 Rf8+ 44. Ke2 Re8 45. Kd2 Be4 46.
Bxe4 Rxe4 47. Rb4 Nc3 48. Kd3 Nd5 49. Kxe4 Nxb4 50. Kf5 Nc2 51. Bf2 Na3 52. Kf6
Nxc4 53. Kg7 1-0

[Event "Central Serbia 1st league"]
[Site "?"]
[Date "2007.??.??"]
[Round "9.5"]
[White "Rajkovic, Aleksandar"]
[Black "Ikic, Alija"]
[Result "1-0"]
[WhiteElo "2148"]
[BlackElo "2137"]
[PlyCount "103"]
[EventDate "2007.09.15"]

1. e4 d6 2. d4 Nf6 3. Nc3 g6 4. g3 Bg7 5. Bg2 O-O 6. h3 e5 7. dxe5 dxe5 8. Qxd8
Rxd8 9. Bg5 c6 10. Nge2 Na6 11. a3 Nc5 12. Be3 Ne6 13. Rd1 b6 14. Rxd8+ Nxd8
15. O-O Ba6 16. Rd1 Ne6 17. Nc1 Rd8 18. Rxd8+ Nxd8 19. Bf1 Bxf1 20. Kxf1 Ne6
21. Nb3 Kf8 22. a4 Nd7 23. Ne2 Ke7 24. a5 Kd6 25. axb6 axb6 26. c3 c5 27. Nd2
b5 28. Nc1 f5 29. f3 f4 30. gxf4 exf4 31. Bf2 Nb6 32. Nd3 Na4 33. c4 b4 34. b3
Nc3 35. Bg1 g5 36. h4 gxh4 37. Bh2 Be5 38. Kg2 Ne2 39. Kh3 Bc3 40. e5+ Kc6 41.
Ne4 N2d4 42. Nxf4 Nxf4+ 43. Bxf4 Nxf3 44. e6 Ne5 45. Bxe5 Bxe5 46. Kxh4 Bd6 47.
Kg5 Be7+ 48. Kh6 Kc7 49. Kxh7 Kd8 50. Kg6 Ke8 51. Kf5 Bf8 52. Ke5 1-0

[Event "Central Serbia 1st league"]
[Site "?"]
[Date "2007.??.??"]
[Round "9.6"]
[White "Jovic, Stanoje"]
[Black "Milenkovic, Mladen"]
[Result "1/2-1/2"]
[WhiteElo "2295"]
[BlackElo "2307"]
[PlyCount "21"]
[EventDate "2007.09.15"]

1. c4 f5 2. g3 Nf6 3. Bg2 e5 4. d3 Bc5 5. Nc3 O-O 6. Nf3 d6 7. O-O Nc6 8. a3 a5
9. b3 Kh8 10. Bb2 f4 11. Qd2 1/2-1/2